000 00894nam a2200265Ia 4500
005 20251020182455.0
008 200515s9999 xx 000 0 und d
020 _a958-600-935-1
082 _a624/S23
100 _aSarria Molina, Alberto
245 0 _aIntroducción a la ingeniería civil
260 _aSantafé de Bogotá, D.C.
260 _bMcGraw-Hill
260 _c1999
300 _a271 p.
300 _bil., col., tbl., graf., map.
500 _a3 ejemplares
520 _aPresenta de manera integral el panorama de la ingeniería civil, desde su concepción misma hasta el desempeño profesional. Analiza la relación de la profesión con la vida diaria e induce al lector en conceptos como el método científico, la relación del ing
650 _aESTRUCTURAS
650 _aINGENIERIA CIVIL
942 _cLIB
999 _c965
_d965